Barrios de Buenos Aires - sin pistas - Estadísticas

Estadísticas generales
  • Esta prueba ha sido intentada 132 veces
  • La puntuación promedio es 37 de 48
Estadísticas de respuestas
Barrio % Correcto
La Boca
97%
Palermo
96%
Belgrano
94%
Caballito
90%
Flores
90%
Floresta
88%
Recoleta
87%
Chacarita
86%
Nuñez
86%
Retiro
86%
Almagro
85%
Balvanera
85%
Barracas
85%
Puerto Madero
85%
San Telmo
85%
VIlla Crespo
83%
Constitución
81%
Parque Patricios
81%
La Paternal
79%
Monserrat
79%
Villa del Parque
79%
Boedo
78%
Colegiales
78%
Mataderos
78%
Parque Avellaneda
78%
Saavedra
78%
Villa Urquiza
78%
Liniers
77%
Nueva Pompeya
77%
Parque Chas
77%
San Nicolás
77%
Parque Chacabuco
74%
Villa Devoto
74%
Villa Lugano
74%
Coghlan
72%
Vélez Sarsfield
72%
Villa Luro
72%
Villa Soldati
72%
Agronomía
71%
San Cristóbal
69%
Villa Ortúzar
69%
Villa Riachuelo
68%
Villa Pueyrredón
67%
Versalles
65%
Villa Santa Rita
65%
Villa Real
62%
Villa Gral. Mitre
60%
Monte Castro
59%
No se encontraron pruebas coincidentes
Distribución de puntuación
Porcentaje de gente con cada puntuación
Porcentaje por número respondido
Historial de tus puntuaciones
No has intentado esta prueba.